World Cup of Hockey - Statistics

General Stats
  • This quiz has been taken 214 times
    168 since last reset
  • The average score is 10 of 12
Answer Stats
Winner % Correct
United States
98%
United States
98%
Canada
97%
Canada
97%
Canada
97%
Finland
90%
Sweden
89%
Sweden
89%
Russia
84%
Russia
84%
Czech Republic
44%
Europe
31%
No matching quizzes found
Score Distribution
Percent of People with Each Score
Percentile by Number Answered
Your Score History
You have not taken this quiz since the last reset